Fußball Österreich - Statistiken

Allgemein
  • Dieses Quiz wurde 119 mal gespielt
  • Das Durchschnittsergebnis liegt bei 20 aus 28
Antwortstatistiken
Liga Teams % Korrekt
1. SK Rapid
100%
1. Austria Wien
99%
1. RB Salzburg
99%
1. Sturm Graz
98%
1. Blau Weiß Linz
93%
1. Austria Klagenfurt
90%
1. LASK
90%
1. WAC
87%
2. Grazer AK
86%
1. WSG Tirol
82%
1. SCR Altach
81%
1. TSV Hartberg
81%
1. Austria Lustenau
79%
2. SV Ried
79%
2. FC Admira
75%
2. SKN St. Pölten
73%
2. Schwarz-Weiß Bregenz
62%
2. First Vienna
55%
2. FAC Wien
54%
2. Liefering
49%
2. Sturm Graz II
49%
2. SKU Amstetten
48%
2. DSV Leoben
46%
2. FC Dornbirn
44%
2. SV Lafnitz
44%
2. SV Stripfing
44%
2. SV Horn
40%
2. Kapfenberger SV
36%
Keine übereinstimmenden Quizze gefunden
Verteilung der Resultate
Anzahl Personen mit jedem Resultat
Perzentil nach korrekt beantworteten Fragen
Ihre Resultats-Entwicklung
Sie haben dieses Quiz noch nicht gespielt